000 00412cam a22001337a 4500
008 180718b1998 xxu||||| |||| 00| 0 eng d
020 _a8186962182
082 _aT19x54 G918
245 _aAlternative economic survey 1991-1998: seven years of structural adjustment
260 _aDelhi
_bRainbow
_c1998
300 _a229p.
650 _aEconomic conditions - Survey methods
650 _aIndia - Economic conditions
999 _c486917
_d486917